• 首页
  • 本馆介绍
  • 公告通知
  • 最新文献
  • 馆藏检索
  • 电子资源
  • 读者导购
  • 参考咨询
  • 我的图书馆
  • 登录
  • 详细信息显示
  • 放入我的书架
  • 预约/预借图书
  • 作者相关作品
  • 分类相关作品
  • 丛书相关作品
  • 出版社相关作品

书目信息

  • 表格格式
  • 工作单格式
  • 卡片格式
题名:
激光导星技术
    
 
作者: 张凯 编著
分册:  
出版信息: 北京   国防工业出版社  2016.11
页数: 12,203,12页
开本: 24cm
丛书名: 现代激光技术及应用丛书
单 册:
中图分类: TN249
科图分类:
主题词: 激光应用--导星
电子资源:
ISBN: 978-7-118-11188-0
000 01113oam2 2200277 450
001 0400004457
005 20171024092044.0
010    @a978-7-118-11188-0@dCNY66.00
100    @a20170802d2016 em y0chiy50 ea
101 0  @achi
102    @aCN@b110000
105    @aa z 000yy
106    @ar
200 1  @a激光导星技术@9ji guang dao xing ji shu@f张凯[等]编著
210    @a北京@c国防工业出版社@d2016.11
215    @a12,203,12页@c图@d24cm
225 1  @a现代激光技术及应用丛书
300    @a国家出版基金项目 “十二五”国家重点出版规划项目
330    @a本书介绍了激光导星的原理、技术和应用等方面的研究进展,共分八章,第一章介绍研究背景、激光导星的概念和原理等;第二、三章分别介绍瑞利激光导星和纳激光导星的原理与技术;第四、五章介绍激光导星中涉及的关键技术等;第六章分析激光导星的非等晕性;第七章介绍多导星技术;第八章分析导星激光器技术及最新研究进展。
461  0 @12001 @a现代激光技术及应用丛书
510 1  @aTechnologies of laser guide star@zeng
606 0  @a激光应用@x导星
690    @aTN249@v5
701  0 @a张凯@9zhang kai@4编著
801  0 @aCN@b91MARC@c20171024
905    @b1038030-4@dTN249@f5@e130
    
    激光导星技术/张凯[等]编著.-北京:国防工业出版社,2016.11
    12,203,12页:图;24cm.-(现代激光技术及应用丛书)
    国家出版基金项目 “十二五”国家重点出版规划项目
    
    ISBN 978-7-118-11188-0:CNY66.00
    本书介绍了激光导星的原理、技术和应用等方面的研究进展,共分八章,第一章介绍研究背景、激光导星的概念和原理等;第二、三章分别介绍瑞利激光导星和纳激光导星的原理与技术;第四、五章介绍激光导星中涉及的关键技术等;第六章分析激光导星的非等晕性;第七章介绍多导星技术;第八章分析导星激光器技术及最新研究进展。
●
相关链接 在E读中查询图书 在五车中查询图书 在当当中查询图书 在豆瓣中查询图书


正题名:激光导星技术     索取号:TN249/130         预约/预借

序号 登录号 条形码 馆藏地/架位号 状态 备注
1 1038030   210380309   第二样本阅览室/ [索取号:TN249/130] 在馆    
2 1038031   210380318   密集书库-物理学院/ [索取号:TN249/130] 在馆    
3 1038032   210380327   第三借阅区/ [索取号:TN249/130] 在馆    
4 1038033   210380336   第三借阅区/ [索取号:TN249/130] 在馆    
5 1038034   210380345   第三借阅区/ [索取号:TN249/130] 在馆    
唐山师范学院图书馆 欢迎您!
大连网信软件有限公司© 版权所有